000 01323namaa2200313 cb4500
001 BV005305351
003 DE-70
005 20251007170119.0
006 m|||| o||u| ||||||
007 tu
007 7
008 920527s1980 a||| |||| 00||| und d
020 _a9781009502634
_9978-1-009-50263-4
024 _a9781009502634
_a978-1-009-50263-4
040 _cRU-10907106
041 _aeng
100 _aDermineur, Elise M.
_4aut
_967243
245 _aBefore Banks
_bThe Making of Credit and Debt in Preindustrial France
_cElise M. Dermineur
264 _aCambridge
_bCambridge University Press
_c2025
300 _a278 Seiten
336 _2rdacontent
_aText
_btxt
337 _2rdamedia
_aComputermedien
_bbc
338 _2rdacarrier
_aOnline Ressource
_bcr
490 _aCambridge Studies in Economic History - Second Series
500 _aE-Book / Zugriff nur im Lesesaal
520 _aIntroduction; 1. The setting: mutual arrangements in small communities in the south of Alsace 1650 - 1790; 2. Peer-to-peer lending in non-intermediated credit markets; 3. Intermediated credit: notarial contracts; 4. Women and credit; 5. Insolvency and default; 6. The growing institutionalization of credit; Epilogue: the community of advantage.
856 _zVolltext
_uhttps://doi.org/10.1017/9781009502634
942 _cEB
_2z
999 _c72977
_d72977